[Event "FIN-chT1B 1617"]
[Site "Finland"]
[Date "2017.02.04"]
[Round "6.3"]
[White "Nieminen, Kari"]
[Black "Sukhorukov, Andrey"]
[Result "1/2-1/2"]
[WhiteElo "2144"]
[BlackElo "2270"]
[PlyCount "70"]
[EventDate "2016.09.17"]
[EventType "team-tourn"]
[EventRounds "7"]
[EventCountry "FIN"]
[SourceTitle "EXT 2019"]
[Source "ChessBase"]
[SourceDate "2018.10.10"]
[SourceVersion "1"]
[SourceVersionDate "2018.10.10"]
[SourceQuality "1"]
[WhiteTeam "Espoo MatSK II"]
[BlackTeam "Joensuu SK"]
[WhiteTeamCountry "FIN"]
[BlackTeamCountry "FIN"]

1. e4 c5 2. Nf3 Nc6 3. d4 cxd4 4. Nxd4 e5 5. Nb5 d6 6. N1c3 a6 7. Na3 b5 8. Nd5 Nge7 9. c4 Nd4 10. Bd3 Bb7 11. 0-0 bxc4 12. Nxc4 Nxd5 13. exd5 Bxd5 14. Be3 Be7 15. Bxd4 exd4 16. Qa4+ Kf8 17. Rfe1 g6 18. Re2 Kg7 19. Rxe7 Qxe7 20. Nb6 Qe5 21. Nxa8 Rxa8 22. Rd1 Bb7 23. Bf1 Rc8 24. Rxd4 Rc1 25. Rd1 Rxd1 26. Qxd1 Qxb2 27. Qxd6 Qxa2 28. Qe5+ f6 29. Qc7+ Qf7 30. Qb6 Qd5 31. Qc7+ Kh6 32. Qf4+ Qg5 33. Qb8 Bf3 34. Qf8+ Kh5 35. Qa3 Bd1 1/2-1/2

[Event "FIN-chT1B 1617"]
[Site "Finland"]
[Date "2016.10.08"]
[Round "3.3"]
[White "Sarwer, Jeff"]
[Black "Sukhorukov, Andrey"]
[Result "1/2-1/2"]
[WhiteElo "2234"]
[BlackElo "2270"]
[PlyCount "113"]
[EventDate "2016.09.17"]
[EventType "team-tourn"]
[EventRounds "7"]
[EventCountry "FIN"]
[SourceTitle "EXT 2019"]
[Source "ChessBase"]
[SourceDate "2018.10.10"]
[SourceVersion "1"]
[SourceVersionDate "2018.10.10"]
[SourceQuality "1"]
[WhiteTeam "Kotka KymS"]
[BlackTeam "Joensuu SK"]
[WhiteTeamCountry "FIN"]
[BlackTeamCountry "FIN"]

1. d4 Nf6 2. c4 g6 3. Nc3 Bg7 4. e4 d6 5. Nge2 0-0 6. Ng3 e5 7. d5 c6 8. Be2 Qb6 9. Rb1 cxd5 10. cxd5 Na6 11. Be3 Qd8 12. b4 Ne8 13. h4 f5 14. exf5 gxf5 15. Bg5 Nf6 16. Nh5 Bh8 17. Qd2 Qe8 18. Bxf6 Bxf6 19. Nb5 f4 20. Nxd6 Qg6 21. Qd3 Be7 22. Nxc8 Raxc8 23. a3 f3 24. Qxg6+ hxg6 25. Bxa6 bxa6 26. Ng3 fxg2 27. Rg1 Bxh4 28. Rxg2 Rc2 29. Ne2 Kg7 30. Rh2 Bg5 31. Rd1 Rf3 32. Rg2 Bh4 33. d6 Re3 34. Rd2 Rc1+ 35. Rd1 Rxd1+ 36. Kxd1 Rd3+ 37. Kc2 Rxd6 38. Nc3 Rd4 39. Kb3 Rf4 40. Nd1 Rf3+ 41. Ka4 Kf7 42. Rh2 Bf6 43. Rh1 Bg7 44. Rh4 Rf4 45. Rh3 e4 46. Ka5 Bd4 47. Kxa6 Rf3 48. Rxf3+ exf3 49. Kb5 Ke6 50. Kc4 Ke5 51. Kd3 a6 52. a4 g5 53. b5 axb5 54. axb5 Bc5 55. Ne3 Kf4 56. b6 g4 57. b7 1/2-1/2

[Event "Nebug Rating op"]
[Site "Nebug"]
[Date "2013.03.30"]
[Round "9"]
[White "Volynsky, Mark"]
[Black "Sukhorukov, Andrey"]
[Result "0-1"]
[WhiteElo "1908"]
[BlackElo "2308"]
[PlyCount "60"]
[EventDate "2013.03.22"]
[EventType "swiss"]
[EventRounds "9"]
[EventCountry "RUS"]
[SourceTitle "EXT 2015"]
[Source "ChessBase"]
[SourceDate "2014.11.20"]
[SourceVersion "1"]
[SourceVersionDate "2014.11.20"]
[SourceQuality "1"]

1. e4 c5 2. d4 cxd4 3. c3 d3 4. Bxd3 d6 5. Bc4 Nc6 6. Nf3 e6 7. 0-0 Be7 8. Be3 Nf6 9. Nbd2 0-0 10. h3 b6 11. Nd4 Nxd4 12. Bxd4 e5 13. Be3 d5 14. Bd3 Bb7 15. f3 dxe4 16. Nxe4 Nd5 17. Bf2 Nf4 18. Bb1 Qc7 19. Qc2 f5 20. Ng3 g6 21. Ne2 Ne6 22. a4 Kg7 23. Ba2 Qc6 24. Rad1 Rad8 25. Rxd8 Rxd8 26. Rd1 Rxd1+ 27. Qxd1 Ng5 28. Ng3 f4 29. Ne4 Nxe4 30. fxe4 Qxe4 0-1

[Event "Nebug Rating op"]
[Site "Nebug"]
[Date "2013.03.22"]
[Round "1"]
[White "Sukhorukov, Andrey"]
[Black "Tletseri, Marziet"]
[Result "1-0"]
[WhiteElo "2308"]
[BlackElo "1881"]
[PlyCount "93"]
[EventDate "2013.03.22"]
[EventType "swiss"]
[EventRounds "9"]
[EventCountry "RUS"]
[SourceTitle "EXT 2015"]
[Source "ChessBase"]
[SourceDate "2014.11.20"]
[SourceVersion "1"]
[SourceVersionDate "2014.11.20"]
[SourceQuality "1"]

1. Nf3 d5 2. g3 c6 3. Bg2 Nd7 4. 0-0 e5 5. d3 Ngf6 6. e4 dxe4 7. dxe4 Qc7 8. Nc3 Bb4 9. Nh4 Nb6 10. Nf5 0-0 11. Bg5 Bxf5 12. exf5 Be7 13. Qe2 Nfd5 14. Ne4 Bxg5 15. Nxg5 Qe7 16. h4 Rfe8 17. c4 Nc7 18. b3 f6 19. Ne4 Rad8 20. g4 Nc8 21. g5 Nd6 22. Qg4 Nxe4 23. Bxe4 Rd4 24. Kh1 Red8 25. Rg1 Ne8 26. Rg2 Nd6 27. f3 Ne8 28. Rag1 R8d7 29. Qh5 Nd6 30. a3 Rc7 31. c5 Nxe4 32. fxe4 Rxe4 33. Rd1 Rd4 34. Rxd4 exd4 35. Re2 d3 36. Rxe7 Rxe7 37. Qd1 Rd7 38. Qd2 Rd5 39. gxf6 gxf6 40. b4 Kf7 41. Kg2 h5 42. Kf2 Rxf5+ 43. Ke1 Re5+ 44. Kd1 Ke6 45. Qg2 Kf7 46. Qh3 Rd5 47. Qc8 1-0

[Event "Karelia-ch"]
[Site "Petrozavodsk"]
[Date "2011.02.27"]
[Round "9"]
[White "Sukhorukov, Andrey"]
[Black "Klyuev, Alexander S"]
[Result "1-0"]
[WhiteElo "2296"]
[BlackElo "1994"]
[PlyCount "63"]
[EventDate "2011.02.22"]
[EventType "swiss"]
[EventRounds "9"]
[EventCountry "RUS"]
[SourceTitle "CBM 141 Extra"]
[Source "ChessBase"]
[SourceDate "2011.05.03"]
[SourceVersion "1"]
[SourceVersionDate "2011.05.03"]
[SourceQuality "1"]

1. Nf3 d5 2. g3 Nf6 3. Bg2 c6 4. 0-0 Bf5 5. d3 e6 6. Nh4 Bg6 7. Nc3 Be7 8. e4 dxe4 9. Nxg6 hxg6 10. dxe4 Qxd1 11. Rxd1 0-0 12. Bf4 Na6 13. Bd6 Bxd6 14. Rxd6 Rfd8 15. Rad1 Rxd6 16. Rxd6 Kf8 17. e5 Ke7 18. Bxc6 bxc6 19. Rxc6 Ng4 20. Rxa6 Nxe5 21. Nb5 Rd8 22. Rxa7+ Kf6 23. Rc7 g5 24. h3 Kf5 25. Rc5 f6 26. Kg2 Rd2 27. a4 Kg6 28. a5 g4 29. a6 gxh3+ 30. Kxh3 Rxf2 31. Rxe5 fxe5 32. a7 1-0

[Event "Karelia-ch"]
[Site "Petrozavodsk"]
[Date "2011.02.24"]
[Round "5"]
[White "Popelyshev, Igor Viktorovich"]
[Black "Sukhorukov, Andrey"]
[Result "1/2-1/2"]
[WhiteElo "2109"]
[BlackElo "2296"]
[PlyCount "54"]
[EventDate "2011.02.22"]
[EventType "swiss"]
[EventRounds "9"]
[EventCountry "RUS"]
[SourceTitle "CBM 141 Extra"]
[Source "ChessBase"]
[SourceDate "2011.05.03"]
[SourceVersion "1"]
[SourceVersionDate "2011.05.03"]
[SourceQuality "1"]

1. e4 c5 2. Nc3 Nc6 3. f4 e6 4. Nf3 d5 5. d3 Be7 6. g3 Nf6 7. e5 Nd7 8. Bg2 a6 9. a4 b6 10. 0-0 Bb7 11. Bd2 Qc7 12. Kh1 0-0-0 13. Ne2 f6 14. exf6 gxf6 15. d4 h5 16. Bc3 e5 17. fxe5 fxe5 18. dxc5 Nxc5 19. b4 Ne4 20. b5 Nxc3 21. Nxc3 Nb4 22. bxa6 Qxc3 23. axb7+ Kxb7 24. a5 Bc5 25. axb6 Bxb6 26. Rb1 e4 27. Rb3 Qxc2 1/2-1/2

[Event "Karelia-ch"]
[Site "Petrozavodsk"]
[Date "2011.02.24"]
[Round "4"]
[White "Sukhorukov, Andrey"]
[Black "Gudkov, Gennady"]
[Result "0-1"]
[WhiteElo "2296"]
[BlackElo "2197"]
[PlyCount "70"]
[EventDate "2011.02.22"]
[EventType "swiss"]
[EventRounds "9"]
[EventCountry "RUS"]
[SourceTitle "CBM 141 Extra"]
[Source "ChessBase"]
[SourceDate "2011.05.03"]
[SourceVersion "1"]
[SourceVersionDate "2011.05.03"]
[SourceQuality "1"]

1. e4 c5 2. Nf3 d6 3. d4 cxd4 4. Nxd4 Nf6 5. Nc3 a6 6. Bc4 e6 7. Bb3 Be7 8. Qf3 0-0 9. Qg3 Nc6 10. Be3 Nxd4 11. Bxd4 b5 12. f3 e5 13. Be3 Nxe4 14. fxe4 Bh4 15. 0-0-0 Bxg3 16. hxg3 Be6 17. Nd5 a5 18. a3 Rc8 19. Rh4 Rc4 20. Bb6 Qd7 21. Bxc4 bxc4 22. Bxa5 f5 23. exf5 Rxf5 24. Ne3 Rf2 25. Bb4 d5 26. Rxc4 d4 27. Rc5 e4 28. Re5 d3 29. Rxe4 Qc6 30. Rd4 Rxc2+ 31. Kb1 h6 32. R4xd3 Re2 33. Bc3 Qe4 34. Nc2 Bb3 35. R1d2 Qxd3 0-1

[Event "Karelia-ch"]
[Site "Petrozavodsk"]
[Date "2011.02.23"]
[Round "2"]
[White "Sukhorukov, Andrey"]
[Black "Oshukov, Andrey"]
[Result "1-0"]
[WhiteElo "2296"]
[BlackElo "2086"]
[PlyCount "49"]
[EventDate "2011.02.22"]
[EventType "swiss"]
[EventRounds "9"]
[EventCountry "RUS"]
[SourceTitle "CBM 141 Extra"]
[Source "ChessBase"]
[SourceDate "2011.05.03"]
[SourceVersion "1"]
[SourceVersionDate "2011.05.03"]
[SourceQuality "1"]

1. e4 c5 2. Nf3 Nc6 3. d4 cxd4 4. Nxd4 e6 5. Nc3 Nf6 6. Bc4 a6 7. a4 Qc7 8. 0-0 Bb4 9. Nde2 Ne5 10. Bb3 Nfg4 11. f4 Nc4 12. Qd3 Qb6+ 13. Kh1 Na5 14. Qg3 Nxb3 15. cxb3 h5 16. h3 Bc5 17. e5 d5 18. exd6 Nf2+ 19. Rxf2 Bxf2 20. Qxg7 Rf8 21. Ne4 Bh4 22. f5 exf5 23. Bh6 fxe4 24. d7+ Kxd7 25. Rd1+ 1-0

[Event "Karelia-ch"]
[Site "Petrozavodsk"]
[Date "2011.02.22"]
[Round "1"]
[White "Stebunov, Alexander A"]
[Black "Sukhorukov, Andrey"]
[Result "0-1"]
[WhiteElo "1949"]
[BlackElo "2296"]
[PlyCount "60"]
[EventDate "2011.02.22"]
[EventType "swiss"]
[EventRounds "9"]
[EventCountry "RUS"]
[SourceTitle "CBM 141 Extra"]
[Source "ChessBase"]
[SourceDate "2011.05.03"]
[SourceVersion "1"]
[SourceVersionDate "2011.05.03"]
[SourceQuality "1"]

1. e4 c5 2. Nc3 Nc6 3. f4 e6 4. Nf3 d5 5. Bb5 Nf6 6. e5 Nd7 7. d4 Qb6 8. Be3 a6 9. Bxc6 bxc6 10. Na4 Qa5+ 11. c3 cxd4 12. b4 Qc7 13. Bxd4 a5 14. Nc5 axb4 15. cxb4 Nxc5 16. bxc5 Qa5+ 17. Qd2 Bxc5 18. Bxc5 Qxc5 19. Rc1 Qb6 20. Qd4 Qxd4 21. Nxd4 Rxa2 22. Nxc6 Rxg2 23. Nb4 0-0 24. f5 exf5 25. Nxd5 Ba6 26. Ne7+ Kh8 27. Nxf5 Re2+ 28. Kd1 Rd8+ 29. Nd6 Rxe5 30. Rc6 Rd5+ 0-1

[Event "Karelia-ch 62nd"]
[Site "Petrozavodsk"]
[Date "2009.02.25"]
[Round "8"]
[White "Sukhorukov, Andrey"]
[Black "Yachmenev, Mikhail A"]
[Result "1/2-1/2"]
[WhiteElo "2300"]
[BlackElo "2275"]
[PlyCount "88"]
[EventDate "2009.02.21"]
[EventType "swiss"]
[EventRounds "9"]
[EventCountry "RUS"]
[SourceTitle "CBM 129 Extra"]
[Source "ChessBase"]
[SourceDate "2009.05.05"]
[SourceVersion "2"]
[SourceVersionDate "2009.05.20"]
[SourceQuality "1"]

1. e4 e6 2. d4 d5 3. e5 c5 4. c3 Nc6 5. Nf3 Bd7 6. Be2 Qb6 7. 0-0 cxd4 8. cxd4 Nge7 9. Nc3 Nf5 10. Na4 Qa5 11. Bd2 Qd8 12. Bc3 b6 13. a3 h5 14. b4 a6 15. Qb3 Be7 16. Bd3 g6 17. Rfb1 0-0 18. Qd1 Qc7 19. h3 Nxe5 20. dxe5 Bxa4 21. Qd2 d4 22. Nxd4 Rfd8 23. Bxf5 exf5 24. Qe3 Qc4 25. Rc1 Rac8 26. Qh6 Bf8 27. Qe3 Qd5 28. Re1 Rxc3 29. Qxc3 Qxd4 30. Qc7 Bb3 31. Rac1 Be6 32. Rc6 b5 33. Rxa6 Rc8 34. Qb6 Qc3 35. Qe3 Qxe3 36. Rxe3 Rc1+ 37. Kh2 Bh6 38. Re2 Bf4+ 39. g3 Bd5 40. gxf4 h4 41. f3 Bxf3 42. Rg2 Bxg2 43. Kxg2 Rc2+ 44. Kg1 Rc3 1/2-1/2

[Event "Karelia-ch 62nd"]
[Site "Petrozavodsk"]
[Date "2009.02.24"]
[Round "6"]
[White "Dzhangobegov, Vladimir"]
[Black "Sukhorukov, Andrey"]
[Result "1-0"]
[WhiteElo "2180"]
[BlackElo "2300"]
[PlyCount "39"]
[EventDate "2009.02.21"]
[EventType "swiss"]
[EventRounds "9"]
[EventCountry "RUS"]
[SourceTitle "CBM 129 Extra"]
[Source "ChessBase"]
[SourceDate "2009.05.05"]
[SourceVersion "2"]
[SourceVersionDate "2009.05.20"]
[SourceQuality "1"]

1. e4 g6 2. d4 Bg7 3. Nc3 d6 4. Bg5 Nf6 5. e5 Nfd7 6. f4 h6 7. Bh4 0-0 8. Nf3 c5 9. exd6 Qb6 10. dxe7 Re8 11. Bc4 Qb4 12. Bb3 g5 13. a3 Rxe7+ 14. Kf2 Qa5 15. fxg5 cxd4 16. Nd5 Re4 17. Re1 Nc5 18. gxh6 Be5 19. Ne7+ Kf8 20. Nxe5 1-0

[Event "Karelia-ch 62nd"]
[Site "Petrozavodsk"]
[Date "2009.02.23"]
[Round "4"]
[White "Rumak, Mikhail A"]
[Black "Sukhorukov, Andrey"]
[Result "0-1"]
[WhiteElo "1935"]
[BlackElo "2300"]
[PlyCount "40"]
[EventDate "2009.02.21"]
[EventType "swiss"]
[EventRounds "9"]
[EventCountry "RUS"]
[SourceTitle "CBM 129 Extra"]
[Source "ChessBase"]
[SourceDate "2009.05.05"]
[SourceVersion "2"]
[SourceVersionDate "2009.05.20"]
[SourceQuality "1"]

1. d4 Nf6 2. c4 g6 3. Nc3 Bg7 4. e4 d6 5. f3 0-0 6. Be3 c5 7. Nge2 Qa5 8. Qd2 Nc6 9. g4 Nd7 10. Bg2 a6 11. d5 Nce5 12. b3 b5 13. cxb5 axb5 14. 0-0 b4 15. Na4 Nc4 16. bxc4 Qxa4 17. Ng3 Ba6 18. Rac1 b3 19. Nf5 gxf5 20. Bh6 f6 0-1

[Event "Karelia-ch"]
[Site "Petrozavodsk"]
[Date "2008.03.08"]
[Round "6"]
[White "Turubchuk, Andrey"]
[Black "Sukhorukov, Andrey"]
[Result "1-0"]
[WhiteElo "2200"]
[BlackElo "2281"]
[PlyCount "55"]
[EventDate "2008.03.05"]
[EventType "swiss"]
[EventRounds "9"]
[EventCountry "RUS"]
[SourceTitle "CBM 123 Extra"]
[Source "ChessBase"]
[SourceDate "2008.05.06"]
[SourceVersion "1"]
[SourceVersionDate "2008.05.06"]
[SourceQuality "1"]

1. d4 g6 2. e4 Bg7 3. c4 d6 4. Nc3 Nf6 5. f4 0-0 6. Nf3 c5 7. d5 e5 8. fxe5 Ng4 9. exd6 f5 10. exf5 Bxf5 11. Be2 Qxd6 12. Nb5 Qb6 13. h3 Ne5 14. Nxe5 Bxe5 15. 0-0 a6 16. Nc3 Nd7 17. g4 Bxc3 18. bxc3 Be4 19. Bf4 Qf6 20. Qd2 Rfe8 21. g5 Qg7 22. Bg4 Ne5 23. Be6+ Rxe6 24. dxe6 Nf3+ 25. Rxf3 Bxf3 26. Qe3 Bc6 27. Bd6 Re8 28. Rf1 1-0